Introductory sociology and anthropology : (Record no. 291231)
[ view plain ]
| 000 -LEADER | |
|---|---|
| fixed length control field | 00608nam a2200217Ia 4500 |
| 008 - FIXED-LENGTH DATA ELEMENTS--GENERAL INFORMATION | |
| fixed length control field | 160303s9999 xx 000 0 und d |
| 020 ## - INTERNATIONAL STANDARD BOOK NUMBER | |
| International Standard Book Number | 971-23-3335-3 |
| 050 ## - LIBRARY OF CONGRESS CALL NUMBER | |
| Classification number | FIL HM 571 |
| 050 ## - LIBRARY OF CONGRESS CALL NUMBER | |
| Item number | .J38 2002 |
| 100 ## - MAIN ENTRY--PERSONAL NAME | |
| Personal name | Javier, Jessie D. |
| 245 ## - TITLE STATEMENT | |
| Title | Introductory sociology and anthropology : |
| 245 ## - TITLE STATEMENT | |
| Remainder of title | a pedagogy / |
| 245 ## - TITLE STATEMENT | |
| Statement of responsibility, etc | Jessie D. Javier, Rodrigo D. Costales, Dionesio C. Rivas. |
| 260 ## - PUBLICATION, DISTRIBUTION, ETC. (IMPRINT) | |
| Place of publication, distribution, etc | Manila : |
| 260 ## - PUBLICATION, DISTRIBUTION, ETC. (IMPRINT) | |
| Name of publisher, distributor, etc | Rex Book Store, Inc., |
| 260 ## - PUBLICATION, DISTRIBUTION, ETC. (IMPRINT) | |
| Date of publication, distribution, etc | 2002 |
| 300 ## - PHYSICAL DESCRIPTION | |
| Extent | 491 pages : |
| 300 ## - PHYSICAL DESCRIPTION | |
| Other physical details | illustrations ; |
| 300 ## - PHYSICAL DESCRIPTION | |
| Dimensions | 23 cm. |
| 500 ## - GENERAL NOTE | |
| General note | Includes bibliographical references. |
| Withdrawn status | Lost status | Damaged status | Home library | Current library | Shelving location | Date acquired | Total Checkouts | Full call number | Barcode | Date last seen | Price effective from | Koha item type |
|---|---|---|---|---|---|---|---|---|---|---|---|---|
| South Mansfield College | South Mansfield College | Filipiniana Section | 06/02/2005 | FIL HM 571 .J38 2002 | SMC02688 | 03/03/2016 | 03/03/2016 |